000
00287nam a2200121Ia 4500
008
190216s9999||||xx |||||||||||||| ||und||
100
_a
Amarchand D
245
0
_a
Goverment And Business
260
_b
Tata Mcgrawhill Publishers
_c
1991
300
_a
270p
650
_a
Commerce
942
_c
BK
999
_c
5517
_d
5517